[Event "FICGS class C 000207 email"]
[Site "FICGS email"]
[Date "2014.06.27"]
[Round "1"]
[White "Kolomytchenko, Igor"]
[Black "Douglas, Mike"]
[Result "1/2-1/2"]
[WhiteElo "1891"]
[BlackElo "2000"]
[PlyCount "64"]
[EventDate "2014.??.??"]
[EventType "tourn (corr)"]
[EventRounds "4"]
[SourceTitle "Corr 2022"]
[Source "ChessBase"]
[SourceDate "2021.10.24"]
[SourceVersion "1"]
[SourceVersionDate "2021.10.24"]
[SourceQuality "1"]

1. Nf3 f5 2. d4 Nf6 3. c4 g6 4. g3 Bg7 5. Bg2 d6 6. 0-0 0-0 7. Nc3 Qe8 8. d5 Na6 9. Qc2 c6 10. a3 Bd7 11. Be3 Kh8 12. b4 Rc8 13. Qd3 b6 14. Rac1 c5 15. b5 Nc7 16. a4 h6 17. Bd2 g5 18. a5 e6 19. dxe6 Bxe6 20. axb6 axb6 21. Qxd6 Na8 22. Rfd1 Rd8 23. Qc6 Bxc4 24. Be1 Rxd1 25. Rxd1 Ne4 26. Rc1 Bg8 27. Nxe4 Qxe4 28. Qd6 Qe6 29. Rd1 Kh7 30. e3 Qxd6 31. Rxd6 Rf6 32. Rd8 Nc7 1/2-1/2

[Event "FICGS rapid A 000162 email"]
[Site "FICGS email"]
[Date "2014.06.18"]
[Round "1"]
[White "Dialfonso, Darren"]
[Black "Douglas, Mike"]
[Result "1/2-1/2"]
[WhiteElo "2030"]
[BlackElo "2000"]
[PlyCount "86"]
[EventDate "2014.??.??"]
[EventType "tourn (rapid)"]
[EventRounds "6"]
[SourceTitle "Corr 2022"]
[Source "ChessBase"]
[SourceDate "2021.10.24"]
[SourceVersion "1"]
[SourceVersionDate "2021.10.24"]
[SourceQuality "1"]

1. d4 f5 2. g3 g6 3. Bg2 Bg7 4. Nf3 Nf6 5. 0-0 0-0 6. c4 d6 7. Nc3 Qe8 8. b3 e5 9. dxe5 dxe5 10. e4 Nc6 11. Nd5 Qd7 12. exf5 e4 13. Nh4 gxf5 14. Ba3 Rd8 15. Ne3 f4 16. gxf4 Qf7 17. Qe1 Rd3 18. Rd1 Qh5 19. Rxd3 exd3 20. Nf3 Bh3 21. Qd1 Bxg2 22. Kxg2 Rd8 23. Bb2 Ne7 24. Bxf6 Bxf6 25. Ng5 Qg6 26. Qg4 h5 27. Qg3 Bxg5 28. Qxg5 Kf7 29. Qxg6+ Nxg6 30. Kf3 c6 31. Rd1 Kf6 32. Ng2 Kf5 33. Ke3 h4 34. h3 Re8+ 35. Kf3 Rd8 36. Rg1 d2 37. Rd1 a5 38. Ke3 b5 39. Rxd2 Rxd2 40. Kxd2 Nxf4 41. Nxh4+ Ke4 42. cxb5 cxb5 43. Kc3 Ne2+ 1/2-1/2

[Event "FICGS class A 000152 email"]
[Site "FICGS email"]
[Date "2014.06.04"]
[Round "1"]
[White "Burrows, Nick"]
[Black "Douglas, Mike"]
[Result "1/2-1/2"]
[WhiteElo "2175"]
[BlackElo "2000"]
[PlyCount "83"]
[EventDate "2014.??.??"]
[EventType "tourn (corr)"]
[EventRounds "6"]
[SourceTitle "Corr 2022"]
[Source "ChessBase"]
[SourceDate "2021.10.24"]
[SourceVersion "1"]
[SourceVersionDate "2021.10.24"]
[SourceQuality "1"]

1. e4 c5 2. Nf3 d6 3. d4 cxd4 4. Nxd4 Nf6 5. Nc3 Nc6 6. Bg5 e6 7. Qd2 a6 8. 0-0-0 Bd7 9. f4 b5 10. Bxf6 gxf6 11. Kb1 Rc8 12. Nxc6 Rxc6 13. Bd3 Rc5 14. f5 Bg7 15. g4 0-0 16. Ne2 Kh8 17. Ng3 Rg8 18. Nh5 Bf8 19. fxe6 Bxe6 20. h3 Be7 21. Rhf1 a5 22. Rf4 Rgg5 23. Qf2 Rg6 24. b3 Re5 25. Rf1 b4 26. Rf3 Kg8 27. Nf4 Rgg5 28. Qd4 Qa8 29. Nh5 Rg6 30. Rxf6 Rxf6 31. Nxf6+ Bxf6 32. Rxf6 Qd8 33. Rf1 Qc7 34. Kb2 Qc5 35. Qxc5 dxc5 36. Rh1 Kg7 37. Kc1 c4 38. bxc4 Rc5 39. a3 bxa3 40. Kd2 Bxc4 41. Ra1 h5 42. Rxa3 1/2-1/2

[Event "FICGS class A 000152 email"]
[Site "FICGS email"]
[Date "2014.06.04"]
[Round "1"]
[White "Douglas, Mike"]
[Black "De Waele, Willy"]
[Result "1-0"]
[WhiteElo "2000"]
[BlackElo "2052"]
[PlyCount "35"]
[EventDate "2014.??.??"]
[EventType "tourn (corr)"]
[EventRounds "6"]
[SourceTitle "Corr 2022"]
[Source "ChessBase"]
[SourceDate "2021.10.24"]
[SourceVersion "1"]
[SourceVersionDate "2021.10.24"]
[SourceQuality "1"]

1. e4 c5 2. Nf3 d6 3. d4 cxd4 4. Nxd4 Nf6 5. Nc3 a6 6. Bg5 e5 7. Nf5 Bxf5 8. Bxf6 Qxf6 9. Nd5 Qd8 10. exf5 Nd7 11. g3 Be7 12. Bg2 Nb6 13. a4 0-0 14. 0-0 Nxd5 15. Bxd5 Rc8 16. Bxb7 Rb8 17. Bxa6 Rxb2 18. Qd5 1-0

[Event "FICGS class A 000152 email"]
[Site "FICGS email"]
[Date "2014.06.04"]
[Round "1"]
[White "Douglas, Mike"]
[Black "Hale, Donald"]
[Result "1-0"]
[WhiteElo "2000"]
[BlackElo "2000"]
[PlyCount "63"]
[EventDate "2014.??.??"]
[EventType "tourn (corr)"]
[EventRounds "6"]
[SourceTitle "Corr 2022"]
[Source "ChessBase"]
[SourceDate "2021.10.24"]
[SourceVersion "1"]
[SourceVersionDate "2021.10.24"]
[SourceQuality "1"]

1. e4 e5 2. Nf3 Nc6 3. Bb5 a6 4. Ba4 Nf6 5. 0-0 Be7 6. Re1 b5 7. Bb3 0-0 8. c3 d5 9. exd5 Nxd5 10. Nxe5 Nxe5 11. Rxe5 c6 12. d4 Bd6 13. Re1 Qh4 14. g3 Qh3 15. Qe2 Bd7 16. Qf1 Qf5 17. c4 bxc4 18. Bxc4 Qh5 19. Nc3 Bh3 20. Qe2 Bg4 21. Qc2 Nb4 22. Qa4 Qg6 23. Bf4 Nc2 24. Re4 Bf5 25. Qxc2 Bxf4 26. Bd3 Bxe4 27. Bxe4 f5 28. Bg2 Bd6 29. Bxc6 Rab8 30. b3 Kh8 31. Bf3 Qh6 32. Rd1 1-0

[Event "FICGS class A 000152 email"]
[Site "FICGS email"]
[Date "2014.06.04"]
[Round "1"]
[White "Josse, Mark"]
[Black "Douglas, Mike"]
[Result "0-1"]
[WhiteElo "2026"]
[BlackElo "2000"]
[PlyCount "84"]
[EventDate "2014.??.??"]
[EventType "tourn (corr)"]
[EventRounds "6"]
[SourceTitle "Corr 2022"]
[Source "ChessBase"]
[SourceDate "2021.10.24"]
[SourceVersion "1"]
[SourceVersionDate "2021.10.24"]
[SourceQuality "1"]

1. e4 c5 2. Nf3 d6 3. d4 cxd4 4. Nxd4 Nf6 5. Nc3 Nc6 6. Bg5 e6 7. Qd2 a6 8. 0-0-0 Bd7 9. f4 b5 10. Bxf6 gxf6 11. Kb1 Qb6 12. Nxc6 Bxc6 13. Bd3 b4 14. Ne2 h5 15. Qe1 h4 16. f5 e5 17. Ng1 Ke7 18. Nf3 Bh6 19. Nxh4 a5 20. Nf3 Rhg8 21. Qe2 a4 22. Bc4 b3 23. cxb3 axb3 24. a3 Ra4 25. Bd3 Rga8 26. Nd2 Qb4 27. Nc4 Qc5 28. h4 Bb7 29. g4 Bf4 30. Rh3 Rc8 31. Nd2 Qc2+ 32. Bxc2 bxc2+ 33. Ka2 Ba6 34. Qf3 Bxd2 35. Rhh1 Bc3 36. Kb3 cxd1Q+ 37. Rxd1 Bc4+ 38. Kc2 Bd4 39. Kb1 Rb8 40. Rxd4 exd4 41. g5 d3 42. gxf6+ Kd7 0-1